00816nam a2200241 a 4500001001300000003000900013005001700022008004100039020001000080082001400090245002400104260004700128500003500175505001000210650001600220710003300236902000800269942000700277952009200284952009200376952009300468999001300561nice12345678IN_TiNIC20260116011319.0050524s1925 mada grp 000 0 eng  ac10000a239bCLS1 aIslam Series-Tracts aMadrasbChristian Literature Societyc1925 aincludes index and biblioraphy2 aindex aApologetics2 aChristian Literature Society bRBA cBK 00104070aHMIbHMId2016-04-15g100.00l0o239 CLS1p814r0000-00-00w2026-01-16yEB 00104070aHMIbHMId2016-04-15g100.00l0o239 CLS1p815r0000-00-00w2026-01-16yEB 00104070aHMIbHMId2016-04-15g100.00l0o239 CLS1p3690r0000-00-00w2026-01-16yEB c421d421